Alle Feuer Pokemon 1. Generation - Statistiken

Allgemein
  • Dieses Quiz wurde 85 mal gespielt
  • Das Durchschnittsergebnis liegt bei 11 aus 12
Antwortstatistiken
Antwort % Korrekt
Glumanda
99%
Glurak
99%
Glutexo
99%
Ponita
93%
Fukano
91%
Gallopa
91%
Arkani
90%
Lavados
90%
Magmar
90%
Flamara
86%
Vulpix
86%
Vulnona
84%
Keine übereinstimmenden Quizze gefunden
Verteilung der Resultate
Anzahl Personen mit jedem Resultat
Perzentil nach korrekt beantworteten Fragen
Ihre Resultats-Entwicklung
Sie haben dieses Quiz noch nicht gespielt